[Event "Krasnoyarsk-ch"]
[Site "Krasnoyarsk"]
[Date "2015.02.01"]
[Round "4"]
[White "Lapin, Petr"]
[Black "Antonov, Alexander"]
[Result "0-1"]
[WhiteElo "2005"]
[BlackElo "1903"]
[PlyCount "130"]
[EventDate "2015.01.29"]
[EventType "tourn"]
[EventRounds "11"]
[EventCountry "RUS"]
[SourceTitle "CBM 164 Extra"]
[Source "ChessBase"]
[SourceDate "2015.03.02"]
[SourceVersion "1"]
[SourceVersionDate "2015.03.02"]
[SourceQuality "1"]

1. e4 c5 2. Nf3 d6 3. d4 cxd4 4. Nxd4 Nf6 5. Nc3 a6 6. Bg5 e6 7. f4 Qb6 8. Qd2 Nc6 9. Nb3 Be7 10. 0-0-0 0-0 11. h3 h6 12. Bxf6 Bxf6 13. Kb1 Qb4 14. Qe3 Bxc3 15. bxc3 Qa3 16. g4 a5 17. Qc1 Qxc1+ 18. Nxc1 Rd8 19. Bb5 Na7 20. Bf1 b6 21. e5 Bb7 22. Rh2 dxe5 23. Rxd8+ Rxd8 24. fxe5 Rd1 25. Rf2 Rd5 26. Nd3 Ba6 27. Bg2 Rd7 28. Be4 Rc7 29. Kb2 Nb5 30. Rd2 Nxc3 31. Bg2 Na4+ 32. Kb3 Nc5+ 33. Nxc5 Rxc5 34. Rd8+ Kh7 35. Rd7 Rxe5 36. Rxf7 Kg6 37. Ra7 Be2 38. Kc3 Rc5+ 39. Kd2 Bc4 40. a3 Bd5 41. Bf1 Be4 42. c4 Kf6 43. Ke3 Bc2 44. Ra6 Rc6 45. Kd4 Bb1 46. Be2 Rd6+ 47. Kc3 Ke5 48. Ra7 g5 49. Ra6 Be4 50. Bf1 Rd1 51. Be2 Re1 52. Kd2 Rb1 53. c5 Rb2+ 54. Ke3 Rb3+ 55. Kf2 bxc5 56. Rxa5 Kd5 57. Ra7 Rxh3 58. a4 Ra3 59. a5 Kd4 60. Rd7+ Bd5 61. a6 c4 62. a7 c3 63. Rc7 c2 64. Rxc2 Rxa7 65. Rd2+ Ke5 0-1

[Event "Koltsovo op"]
[Site "Koltsovo"]
[Date "2014.07.04"]
[Round "7"]
[White "Antonov, Alexander"]
[Black "Beletsky, Alexey"]
[Result "0-1"]
[WhiteElo "1885"]
[BlackElo "2303"]
[PlyCount "82"]
[EventDate "2014.06.28"]
[EventType "swiss"]
[EventRounds "9"]
[EventCountry "RUS"]
[SourceTitle "CBM 161 Extra"]
[Source "ChessBase"]
[SourceDate "2014.08.29"]
[SourceVersion "1"]
[SourceVersionDate "2014.08.29"]
[SourceQuality "1"]

1. c4 c5 2. e3 g6 3. Nf3 Bg7 4. Nc3 Nf6 5. d4 cxd4 6. exd4 0-0 7. d5 e5 8. dxe6 dxe6 9. Be3 Nc6 10. Qxd8 Rxd8 11. h3 b6 12. Be2 Bb7 13. 0-0 Nb4 14. Rad1 Ne4 15. Nxe4 Bxe4 16. a3 Nc2 17. Bc1 Rac8 18. Rxd8+ Rxd8 19. Rd1 Rxd1+ 20. Bxd1 Bd3 21. b3 Nd4 22. Nxd4 Bxd4 23. Be3 Bxe3 24. fxe3 Kg7 25. Kf2 Kf6 26. Kf3 Ke5 27. g4 h6 28. Kf2 a5 29. Ke1 g5 30. Be2 Be4 31. Bf1 f5 32. Kf2 f4 33. Be2 Bc2 34. b4 axb4 35. axb4 Bb3 36. Bd3 Bd1 37. Be2 fxe3+ 38. Kxe3 Bxe2 39. Kxe2 Kd4 40. c5 bxc5 41. b5 Kd5 0-1

[Event "Novokuznetsk Kuzbass Festival"]
[Site "Novokuznetsk"]
[Date "2014.??.??"]
[Round "5"]
[White "Antonov, Alexander"]
[Black "Komarov, Andrey"]
[Result "1/2-1/2"]
[WhiteElo "1885"]
[BlackElo "1839"]
[PlyCount "154"]
[EventDate "2014.??.??"]
[EventType "swiss"]
[EventRounds "7"]
[EventCountry "RUS"]
[SourceTitle "EXT 2016"]
[Source "ChessBase"]
[SourceDate "2015.10.08"]
[SourceVersion "1"]
[SourceVersionDate "2015.10.08"]
[SourceQuality "1"]

1. c4 e5 2. Nc3 c6 3. d4 f6 4. dxe5 fxe5 5. e4 Nf6 6. Nf3 Qa5 7. Bd2 Qc7 8. Bd3 Bc5 9. Na4 Be7 10. Qb3 d6 11. h3 h6 12. Rc1 Be6 13. Qc3 Nbd7 14. b3 0-0 15. Qb2 Rf7 16. Be3 b6 17. Bd2 Raf8 18. Nc3 Nh5 19. Ne2 Nc5 20. Bb1 g5 21. b4 Nb7 22. a4 Nf4 23. Nxf4 gxf4 24. Bc3 Bf6 25. Bd3 c5 26. b5 Rg7 27. Bf1 Kh8 28. Qd2 Qf7 29. Qd3 Rfg8 30. Kd2 Rxg2 31. Bxg2 Rxg2 32. Rh2 Bxc4 33. Qb1 Rxh2 34. Nxh2 Qh5 35. Ng4 Bg5 36. Rh1 f3+ 37. Kc2 Qh4 38. Qe1 h5 39. Nh2 Be2 40. Rg1 Qxe4+ 41. Kb2 Bf4 42. Nf1 Qxa4 43. Nd2 Qxb5+ 44. Ka2 Na5 45. Rg6 d5 46. Qg1 Qa4+ 47. Kb2 Qe8 48. Rg7 d4 49. Bxa5 bxa5 50. Rb7 Qg8 51. Qxg8+ Kxg8 52. Ne4 d3 53. Kc3 c4 54. h4 d2 55. Nxd2 Bxd2+ 56. Kxd2 e4 57. Rc7 a4 58. Ke3 Bd3 59. Kd4 a3 60. Rxa7 c3 61. Rxa3 c2 62. Rc3 Kg7 63. Rc6 Kf7 64. Ke3 Ke7 65. Kd2 Kd7 66. Rc3 Kd6 67. Ke3 Kd5 68. Rc8 Ke5 69. Rc5+ Ke6 70. Kd4 Ke7 71. Ke3 Kd7 72. Kd4 Ke6 73. Ke3 Kd6 74. Rc8 Ke7 75. Rc5 Ke6 76. Kd4 Kd7 77. Ke3 Kd6 1/2-1/2

[Event "Novokuznetsk Kuzbass Festival"]
[Site "Novokuznetsk"]
[Date "2014.??.??"]
[Round "2"]
[White "Bogachev, Alexandr"]
[Black "Antonov, Alexander"]
[Result "1-0"]
[WhiteElo "2040"]
[BlackElo "1885"]
[PlyCount "117"]
[EventDate "2014.??.??"]
[EventType "swiss"]
[EventRounds "7"]
[EventCountry "RUS"]
[SourceTitle "EXT 2016"]
[Source "ChessBase"]
[SourceDate "2015.10.08"]
[SourceVersion "1"]
[SourceVersionDate "2015.10.08"]
[SourceQuality "1"]

1. d4 Nf6 2. Nd2 d5 3. e3 e6 4. Bd3 c5 5. c3 Nc6 6. f4 Bd6 7. Nh3 Qc7 8. 0-0 Bd7 9. Qe2 Ne7 10. Nf2 h5 11. Nf3 g6 12. Ne5 Nf5 13. Bd2 a6 14. a4 0-0 15. Rfc1 c4 16. Bc2 b5 17. a5 Rab8 18. e4 Ne7 19. Nxd7 Nxd7 20. e5 Bxe5 21. fxe5 Nf5 22. g4 hxg4 23. Nxg4 Qd8 24. Qf2 Qh4 25. Qf4 Qh5 26. Bd1 Qh3 27. Nf2 Qh4 28. Bg4 Kg7 29. Bxf5 Qxf4 30. Bxf4 gxf5 31. Kh1 Kh8 32. Nh3 Rbe8 33. Rg1 f6 34. exf6 Rxf6 35. Rg5 Rh6 36. Rg3 Rh4 37. Rag1 Rg4 38. Ng5 Rxg3 39. Rxg3 Re7 40. Nf3 Kh7 41. Ne5 Nxe5 42. Bxe5 Rb7 43. h4 b4 44. Kh2 Rb5 45. Rg7+ Kh6 46. Re7 Rxa5 47. Rxe6+ Kh7 48. cxb4 Ra2 49. Kg3 Rxb2 50. Rxa6 Rxb4 51. Rd6 Rb3+ 52. Kf4 Rh3 53. Kg5 c3 54. Rc6 Kg8 55. h5 Rh1 56. h6 f4 57. Rg6+ Kf8 58. Bxf4 Rg1+ 59. Kf6 1-0

[Event "Novokuznetsk op"]
[Site "Novokuznetsk"]
[Date "2013.08.17"]
[Round "7"]
[White "Sukiasyan, Artem"]
[Black "Antonov, Alexander"]
[Result "0-1"]
[WhiteElo "1946"]
[BlackElo "1853"]
[PlyCount "82"]
[EventDate "2013.08.11"]
[EventType "swiss"]
[EventRounds "9"]
[EventCountry "RUS"]
[SourceTitle "CBM 156 Extra"]
[Source "ChessBase"]
[SourceDate "2013.10.22"]
[SourceVersion "1"]
[SourceVersionDate "2013.10.22"]
[SourceQuality "1"]

1. e4 c5 2. Nf3 Nc6 3. Bb5 d6 4. 0-0 Bd7 5. Re1 Nf6 6. c3 a6 7. Bc4 b5 8. Bb3 c4 9. Bc2 g6 10. d4 cxd3 11. Qxd3 Bg7 12. Bg5 0-0 13. Nbd2 b4 14. c4 Ng4 15. Rab1 Qb6 16. Bh4 Nce5 17. Nxe5 Nxe5 18. Qg3 f6 19. Nf3 g5 20. Nxe5 dxe5 21. Qb3 gxh4 22. c5+ Qe6 23. Qxb4 Qg4 24. Rbd1 h3 25. g3 Be6 26. Qc3 f5 27. c6 f4 28. c7 Rac8 29. Rd3 fxg3 30. fxg3 Qg6 31. Bd1 Bg4 32. Bxg4 Qxg4 33. Qc4+ Kh8 34. Red1 Bh6 35. Re1 Qg6 36. Qc5 Qf6 37. Rd8 Rfxd8 38. cxd8Q+ Rxd8 39. Rf1 Qd6 40. Qa5 Be3+ 41. Kh1 Qd4 0-1